[Event "21st Panam-ch"]
[Site "Mar del Plata ARG"]
[Date "2012.10.13"]
[Round "2.6"]
[White "Kaidanov, Gregory"]
[Black "Sabas, Jorge"]
[Result "0-1"]
[WhiteElo "2587"]
[BlackElo "2274"]
[EventDate "2012.10.12"]
[PlyCount "112"]

1.d4 Nf6 2.c4 g6 3.Nc3 Bg7 4.e4 d6 5.Be2 O-O 6.Bg5 h6 7.Be3 c5 8.dxc5 Qa5 
9.Bd2 Qxc5 10.Nf3 Bg4 11.Be3 Qa5 12.O-O Nc6 13.Rc1 Rfc8 14.b3 Nd7 15.Qd2 
Nc5 16.Bxh6 Bxc3 17.Qxc3 Qxc3 18.Rxc3 Nxe4 19.Rcc1 Nc5 20.h3 Bf5 21.Rfd1 
a5 22.g4 Be6 23.Nd4 Bd7 24.Be3 Nxd4 25.Bxd4 Bc6 26.h4 Ne6 27.Be3 Kg7 28.
Kh2 f5 29.gxf5 gxf5 30.Rg1+ Kf6 31.Bd2 Rh8 32.h5 Nd4 33.Bc3 e5 34.Rg6+ Kf7
35.Bxd4 exd4 36.Rcg1 Rae8 37.Bd1 Re6 38.Rxe6 Kxe6 39.Rg6+ Ke5 40.Kg3 d3 
41.f4+ Kd4 42.Rxd6+ Ke3 43.h6 Rg8+ 44.Kh4 Be4 45.h7 Rh8 46.Rd7 Kxf4 47.Bh5
Ke3 48.Bg6 d2 49.Kg5 Bd3 50.Re7+ Kf2 51.Bh5 f4 52.Rd7 Ke3 53.Re7+ Be4 54.
Bg6 d1=Q 55.Rxe4+ Kf2 56.Rxf4+ Kg3 0-1

[Event "21st Panam-ch"]
[Site "Mar del Plata ARG"]
[Date "2012.10.13"]
[Round "2.7"]
[White "Viana, Dirceu"]
[Black "Mareco, Sandro"]
[Result "0-1"]
[WhiteElo "2275"]
[BlackElo "2581"]
[EventDate "2012.10.12"]
[PlyCount "160"]

1.d4 Nf6 2.Nf3 g6 3.Bg5 Bg7 4.Nbd2 d5 5.e3 O-O 6.c3 b6 7.Be2 c5 8.O-O Nc6 
9.a4 h6 10.Bh4 g5 11.Bg3 Nh5 12.Qb1 Nxg3 13.hxg3 Qd6 14.Rd1 cxd4 15.Nxd4 
Rb8 16.Nf5 Bxf5 17.Qxf5 e6 18.Qb1 Qc7 19.Nb3 Qc8 20.Nd4 Ne5 21.e4 Rd8 22.
exd5 Rxd5 23.Nb5 Rxd1+ 24.Qxd1 a6 25.Nd4 Nc4 26.Qb3 Na5 27.Qa2 Bxd4 28.
cxd4 Qc2 29.Bxa6 Ra8 30.b4 Qxa2 31.Rxa2 Rxa6 32.bxa5 Rxa5 33.Rb2 Rxa4 34.
Rxb6 Rxd4 35.f3 h5 36.Rb5 Rd5 37.Rb4 Kg7 38.Rb2 Rd4 39.Kf2 Kg6 40.Ra2 Rb4 
41.Rc2 e5 42.Ra2 f6 43.Ra8 Kf5 44.Rh8 h4 45.gxh4 Rxh4 46.Ra8 Rb4 47.Ra6 g4
48.Kg3 Kg5 49.Ra5 Rb3 50.Rc5 Rd3 51.Ra5 Re3 52.Kf2 Rd3 53.Kg3 Rd2 54.Rb5 
Re2 55.Rb8 f5 56.Rg8+ Kf6 57.fxg4 f4+ 58.Kf3 Re3+ 59.Kf2 Rg3 60.Ra8 Rxg4 
61.Ra6+ Kf5 62.Ra5 Rg3 63.Rb5 Rc3 64.Ra5 Rd3 65.Rb5 Ke4 66.Rb4+ Rd4 67.Rb5
Rd2+ 68.Kf1 Kd4 69.Rb3 e4 70.Ra3 Rc2 71.Rb3 e3 72.Rb4+ Kd3 73.Rb3+ Kd2 74.
Rb1 Ra2 75.Re1 Kd3 76.Rd1+ Ke4 77.Rb1 f3 78.Rb4+ Kd3 79.gxf3 Ra1+ 80.Kg2 
e2 0-1

[Event "21st Panam-ch"]
[Site "Mar del Plata ARG"]
[Date "2012.10.13"]
[Round "2.8"]
[White "Bacallao Alonso, Yusnel"]
[Black "Cerda Albornoz, Guillermo"]
[Result "1-0"]
[WhiteElo "2580"]
[BlackElo "2267"]
[EventDate "2012.10.12"]
[PlyCount "117"]

1.Nf3 Nf6 2.c4 e6 3.Nc3 d5 4.d4 h6 5.Qc2 Bb4 6.a3 Bxc3+ 7.Qxc3 Ne4 8.Qc2 
O-O 9.e3 Nd7 10.Bd3 f5 11.b3 c6 12.Bb2 a6 13.Rc1 Qe8 14.O-O Qh5 15.Be2 Qg6
16.Ne1 Qg5 17.Nd3 Qe7 18.f3 Ng5 19.a4 Nf7 20.Rfe1 Nf6 21.a5 g5 22.Nc5 Qc7 
23.Qc3 Nd6 24.Bd3 Qg7 25.Re2 Rf7 26.Qb4 Qf8 27.Ba3 Nde8 28.Rf1 Qd6 29.Qe1 
Nd7 30.Qa1 Nxc5 31.Bxc5 Qd8 32.e4 Ng7 33.exd5 cxd5 34.Rfe1 Bd7 35.cxd5 
exd5 36.Re5 Bc6 37.b4 Qc7 38.R1e2 Re8 39.Qe1 Rxe5 40.Rxe5 Qd7 41.f4 Nh5 
42.fxg5 hxg5 43.g4 Ng7 44.Qe3 Bb5 45.Bc2 fxg4 46.Bg6 Rf1+ 47.Kg2 Qd8 48.
Re7 Qf8 49.Re8 Qxe8 50.Bxe8 Rf3 51.Qxg5 Bf1+ 52.Kg1 Bh3 53.Qxd5+ Kh8 54.
Qxf3 gxf3 55.Bf7 Ne6 56.Kf2 Ng5 57.Bd5 Bg2 58.Bxb7 Nh3+ 59.Kg3 1-0

[Event "21st Panam-ch"]
[Site "Mar del Plata ARG"]
[Date "2012.10.13"]
[Round "2.9"]
[White "Feliciano Ebert, Vanessa"]
[Black "Felgaer, Ruben"]
[Result "0-1"]
[WhiteElo "2268"]
[BlackElo "2579"]
[EventDate "2012.10.12"]
[PlyCount "52"]

1.d4 d6 2.e4 Nf6 3.f3 c5 4.d5 e6 5.c4 b5 6.cxb5 exd5 7.exd5 Be7 8.Ne2 O-O 
9.Nec3 Bb7 10.Bc4 a6 11.O-O Nfd7 12.Bf4 Nb6 13.Na3 Bf6 14.Qd3 axb5 15.
Naxb5 Nxc4 16.Qxc4 Ba6 17.a4 Nd7 18.Bxd6 Bd4+ 19.Kh1 Nb6 20.Qb3 Bxc3 21.
Bxf8 Bb4 22.Bxg7 Kxg7 23.f4 Qd7 24.f5 Kh8 25.Qg3 f6 26.Nc7 Rg8 0-1

[Event "21st Panam-ch"]
[Site "Mar del Plata ARG"]
[Date "2012.10.13"]
[Round "2.10"]
[White "Ortiz Suarez, Isan Reynaldo"]
[Black "Gaitan, Juan Manuel"]
[Result "1-0"]
[WhiteElo "2579"]
[BlackElo "2266"]
[EventDate "2012.10.12"]
[PlyCount "73"]

1.e4 c5 2.Nf3 d6 3.d4 cxd4 4.Nxd4 Nf6 5.Nc3 g6 6.Be3 Bg7 7.f3 O-O 8.Qd2 
Nc6 9.Bc4 Bd7 10.h4 Rc8 11.Bb3 h5 12.O-O-O Ne5 13.Kb1 Nc4 14.Bxc4 Rxc4 15.
Nde2 b5 16.b3 Rc7 17.Bd4 Bc6 18.Nd5 Bxd5 19.exd5 Qc8 20.Nc3 a6 21.g4 hxg4 
22.h5 Nxh5 23.Bxg7 Nxg7 24.Ne4 f6 25.Rdg1 Qf5 26.Rxg4 Rfc8 27.Qh6 g5 28.
Rg2 Kf7 29.Re1 b4 30.Qh1 Qxd5 31.f4 g4 32.Rxg4 Qf5 33.Qh3 Ne6 34.Reg1 Rc5 
35.Nxc5 Rxc5 36.Qg2 Nxf4 37.Rxf4 1-0

[Event "21st Panam-ch"]
[Site "Mar del Plata ARG"]
[Date "2012.10.13"]
[Round "2.11"]
[White "Matamoros Franco, Carlos"]
[Black "Espinoza Palomino, Willyam"]
[Result "1-0"]
[WhiteElo "2534"]
[BlackElo "2265"]
[EventDate "2012.10.12"]
[PlyCount "75"]

1.Nf3 Nf6 2.c4 b6 3.g3 Bb7 4.Bg2 e6 5.O-O Be7 6.d4 O-O 7.Re1 d5 8.cxd5 
exd5 9.Nc3 c5 10.dxc5 bxc5 11.Qb3 Qb6 12.Ne5 Rd8 13.Rd1 Qxb3 14.axb3 Ne4 
15.Nc4 dxc4 16.Rxd8+ Bxd8 17.Nxe4 Nd7 18.bxc4 a5 19.Be3 Rb8 20.Bf4 Ra8 21.
Bd6 Bb6 22.Nxc5 Nxc5 23.Bxc5 Bxc5 24.Bxb7 Ra7 25.Bc6 Kf8 26.b3 Ke7 27.Kg2 
Rc7 28.Bb5 Bb4 29.Rd1 f5 30.h3 Bd6 31.f4 Bc5 32.g4 Bd6 33.Kf3 g6 34.Rd5 
Rc5 35.Rxc5 Bxc5 36.e4 fxg4+ 37.hxg4 g5 38.fxg5 {tiempo} 1-0

[Event "21st Panam-ch"]
[Site "Mar del Plata ARG"]
[Date "2012.10.13"]
[Round "2.12"]
[White "Santos, Haroldo Cunha dos"]
[Black "Hernandez Guerrero, Gilberto"]
[Result "0-1"]
[WhiteElo "2263"]
[BlackElo "2531"]
[EventDate "2012.10.12"]
[PlyCount "76"]

1.d4 Nf6 2.Nf3 g6 3.Bf4 Bg7 4.e3 O-O 5.Be2 d6 6.O-O Nbd7 7.c3 Qe8 8.h3 e5 
9.Bh2 Qe7 10.Na3 a6 11.Nc4 e4 12.Nfd2 Re8 13.a4 Nf8 14.Qb3 Ne6 15.Qa3 h5 
16.Bxd6 cxd6 17.Nxd6 Rd8 18.N6xe4 Qc7 19.Nxf6+ Bxf6 20.Nc4 Ng5 21.Qb4 Be6 
22.f4 Ne4 23.Qb6 Qe7 24.Ne5 h4 25.Rfd1 Rac8 26.Bf3 Bf5 27.Rac1 Bg7 28.Qb3 
Rc7 29.c4 Kh7 30.Ng4 g5 31.fxg5 Nxg5 32.Bd5 Re8 33.Re1 Qd6 34.Rf1 Bxg4 35.
hxg4 Qg3 36.Rce1 Nh3+ 37.Kh1 Nf2+ 38.Kg1 Nxg4 0-1

[Event "21st Panam-ch"]
[Site "Mar del Plata ARG"]
[Date "2012.10.13"]
[Round "2.14"]
[White "Perez Gormaz, Matias"]
[Black "Cori Tello, Jorge"]
[Result "1/2-1/2"]
[WhiteElo "2261"]
[BlackElo "2522"]
[EventDate "2012.10.12"]
[PlyCount "33"]

1.e4 e6 2.d4 d5 3.Nc3 Bb4 4.e5 c5 5.a3 Bxc3+ 6.bxc3 Qc7 7.Qg4 f5 8.Qg3 Ne7
9.Qxg7 Rg8 10.Qxh7 cxd4 11.Kd1 Nbc6 12.Nf3 Nxe5 13.Bg5 N5g6 14.cxd4 Rh8 
15.Qg7 Rg8 16.Qh7 Rh8 17.Qg7 1/2-1/2

[Event "21st Panam-ch"]
[Site "Mar del Plata ARG"]
[Date "2012.10.13"]
[Round "2.15"]
[White "Ricardi, Pablo"]
[Black "Cuevas, Alex"]
[Result "1-0"]
[WhiteElo "2505"]
[BlackElo "2263"]
[EventDate "2012.10.12"]
[PlyCount "55"]

1.Nf3 Nf6 2.c4 b6 3.g3 Bb7 4.Bg2 e6 5.O-O Be7 6.Nc3 O-O 7.Qc2 d6 8.d4 c5 
9.d5 exd5 10.Ng5 g6 11.cxd5 Na6 12.f4 b5 13.e4 Nd7 14.h4 Bf6 15.Nxb5 Nb4 
16.Qd1 Qb6 17.Nc3 Ba6 18.Rf3 Nd3 19.e5 dxe5 20.Rxd3 Bxd3 21.Qxd3 exf4 22.
Kh1 Ne5 23.Qf1 fxg3 24.d6 Bxg5 25.Bxg5 Qxd6 26.Ne4 Qd4 27.Bf6 Qd5 28.Qf4 
1-0

[Event "21st Panam-ch"]
[Site "Mar del Plata ARG"]
[Date "2012.10.13"]
[Round "2.16"]
[White "Tapie Amione, Pablo Adib"]
[Black "Mekhitarian, Krikor Sevag"]
[Result "0-1"]
[WhiteElo "2240"]
[BlackElo "2503"]
[EventDate "2012.10.12"]
[PlyCount "76"]

1.e4 c5 2.Nf3 d6 3.d4 cxd4 4.Nxd4 Nf6 5.Nc3 e6 6.g4 h6 7.Bg2 Nc6 8.h3 a6 
9.O-O Bd7 10.b3 Be7 11.Bb2 O-O 12.Qd2 Rc8 13.Rad1 Qc7 14.Rfe1 Nxd4 15.Qxd4
b5 16.Rd2 Rfe8 17.Nd1 Bc6 18.Ne3 Qb7 19.Nf1 e5 20.Qd3 Nd7 21.c3 Nc5 22.Qb1
Ne6 23.Ne3 g6 24.Nd5 Bxd5 25.Rxd5 Nf4 26.Rd2 Qb6 27.Qd1 Bh4 28.Re3 Re6 29.
Bf1 Rf6 30.Rf3 Rc6 31.c4 bxc4 32.Bxc4 Bxf2+ 33.Rdxf2 Nxh3+ 34.Kg2 Nxf2 35.
Qd5 Nxg4 36.Rxf6 Ne3+ 37.Kh3 Nxd5 38.Bxd5 Qe3+ 0-1

[Event "21st Panam-ch"]
[Site "Mar del Plata ARG"]
[Date "2012.10.13"]
[Round "2.17"]
[White "Perez Ponsa, Federico"]
[Black "Tobares, Leandro"]
[Result "1/2-1/2"]
[WhiteElo "2489"]
[BlackElo "2261"]
[EventDate "2012.10.12"]
[PlyCount "146"]

1.e4 c5 2.Nf3 Nc6 3.d4 cxd4 4.Nxd4 Nf6 5.Nc3 d6 6.Bg5 e6 7.Qd2 Be7 8.O-O-O
Nxd4 9.Qxd4 O-O 10.h4 Qa5 11.Kb1 Rd8 12.Qd2 Qc7 13.Nb5 Qb6 14.f3 a6 15.Be3
Qc6 16.Nd4 Qc7 17.g4 e5 18.Nf5 Bxf5 19.gxf5 d5 20.Bd3 dxe4 21.fxe4 Nxe4 
22.Qg2 Nf6 23.Rdg1 Ne8 24.h5 Rd6 25.h6 g6 26.fxg6 fxg6 27.Qe4 Rc6 28.Qd5+ 
Kh8 29.Rf1 Nf6 30.Qf7 Rg8 31.Bg5 Nd5 32.Bd2 Nf4 33.Bxf4 exf4 34.Rxf4 Bg5 
35.Rff1 Qxf7 36.Rxf7 b5 37.a3 Re6 38.Ra7 Rge8 39.Rf1 Be3 40.Rb7 Bxh6 41.
Rff7 Bf8 42.Rxh7+ Kg8 43.a4 R8e7 44.Rhxe7 Bxe7 45.axb5 axb5 46.Rxb5 Kg7 
47.b4 g5 48.Kb2 Re3 49.Rf5 Bxb4 50.Rxg5+ Kf6 51.Rg6+ Ke7 52.Kb3 Be1 53.Kc4
Re6 54.Rg5 Kd6 55.Rd5+ Kc7 56.Rh5 Bf2 57.Kb3 Rf6 58.c4 Rf3 59.Rd5 Kb6 60.
Rb5+ Kc6 61.Kc2 Rf4 62.Rh5 Rf6 63.Be4+ Kb6 64.Rb5+ Ka6 65.Kd3 Bb6 66.Rb1 
Bc5 67.Bb7+ Ka7 68.Bd5 Rb6 69.Rh1 Rb3+ 70.Ke4 Re3+ 71.Kf5 Kb6 72.Kf4 Re8 
73.Rh6+ Ka5 1/2-1/2

[Event "21st Panam-ch"]
[Site "Mar del Plata ARG"]
[Date "2012.10.13"]
[Round "2.18"]
[White "Anino, Sergio"]
[Black "Valerga, Diego"]
[Result "0-1"]
[WhiteElo "2226"]
[BlackElo "2485"]
[EventDate "2012.10.12"]
[PlyCount "82"]

1.d4 d5 2.c4 e6 3.Nc3 c6 4.Nf3 Nf6 5.cxd5 exd5 6.Bg5 Be7 7.Qc2 g6 8.e3 Bf5
9.Bd3 Bxd3 10.Qxd3 O-O 11.O-O Nbd7 12.h3 Re8 13.Bf4 Nb6 14.Ne5 Nfd7 15.b3 
Nf8 16.Qd2 Ne6 17.Bh2 Bd6 18.Nd3 Bxh2+ 19.Kxh2 Nc8 20.Na4 Nd6 21.Nac5 Ng5 
22.Ne5 Qe7 23.Rae1 Rad8 24.Qc2 f6 25.Nf3 Nxf3+ 26.gxf3 Qc7 27.f4 Nf5 28.
Rg1 Kh8 29.Rg4 Nxd4 30.Qd1 Nf5 31.Qa1 Qf7 32.Reg1 b6 33.Nd3 d4 34.exd4 
Rxd4 35.Ne1 Re2 36.R1g2 Qd5 37.Qc3 Kg7 38.h4 Rd1 39.Nc2 Rd3 40.Qb2 Nd4 41.
Qa3 Nf3+ 0-1

[Event "21st Panam-ch"]
[Site "Mar del Plata ARG"]
[Date "2012.10.13"]
[Round "2.19"]
[White "Real De Azua, Ernesto"]
[Black "Mellano, Santiago"]
[Result "1/2-1/2"]
[WhiteElo "2482"]
[BlackElo "2242"]
[EventDate "2012.10.12"]
[PlyCount "45"]

1.d4 e6 2.c4 f5 3.Nf3 Nf6 4.g3 c6 5.Bg2 d5 6.O-O Bd6 7.b3 Qe7 8.Bb2 b6 9.
Qc2 Bb7 10.Nbd2 O-O 11.Ne5 a5 12.Rfc1 Na6 13.Ndf3 Rac8 14.e3 Ne4 15.a3 c5 
16.Qe2 Qe8 17.Rab1 cxd4 18.exd4 Qe7 19.Ra1 Nb8 20.Qe3 Rc7 21.cxd5 Rxc1+ 
22.Rxc1 exd5 23.a4 1/2-1/2

[Event "21st Panam-ch"]
[Site "Mar del Plata ARG"]
[Date "2012.10.13"]
[Round "2.20"]
[White "Zuriel, Marisa"]
[Black "Hungaski, Robert"]
[Result "0-1"]
[WhiteElo "2217"]
[BlackElo "2451"]
[EventDate "2012.10.12"]
[PlyCount "107"]

1.e4 e6 2.d4 d5 3.Nc3 Nc6 4.Nf3 Nf6 5.exd5 exd5 6.Bg5 Be7 7.Bb5 O-O 8.Bxc6
bxc6 9.O-O h6 10.Bh4 g5 11.Bg3 Ne4 12.Nxe4 dxe4 13.Ne5 Qe8 14.Qe2 Bd6 15.
Qc4 Be6 16.Qxc6 f5 17.Qxe8 Rfxe8 18.f4 c5 19.c3 cxd4 20.cxd4 Rac8 21.a3 
Rc2 22.Rf2 Rec8 23.Raf1 e3 24.Rxc2 Rxc2 25.Re1 Bd5 26.Rxe3 Rxg2+ 27.Kf1 
Rxb2 28.Re2 Rb3 29.Rc2 Bb7 30.a4 Rb4 31.fxg5 hxg5 32.Nc6 Rb1+ 33.Be1 Ba6+ 
34.Kf2 Bd3 35.Rc3 Be4 36.Ne5 Rb2+ 37.Ke3 Rxh2 38.Rc8+ Kg7 39.Rd8 Ba3 40.
Bd2 Bb1 41.Nc4 Be7 42.Rd7 Kf6 43.Rxa7 f4+ 44.Kf3 Bd3 45.Nb6 Rh3+ 46.Kf2 
Be4 47.Nd7+ Ke6 48.Nc5+ Bxc5 49.dxc5 Rh2+ 50.Ke1 f3 51.Ra6+ Kf5 52.Rd6 g4 
53.c6 g3 54.c7 0-1

[Event "21st Panam-ch"]
[Site "Mar del Plata ARG"]
[Date "2012.10.13"]
[Round "2.21"]
[White "Ferro, Ezequiel"]
[Black "Tristan, Leonardo"]
[Result "0-1"]
[WhiteElo "2214"]
[BlackElo "2442"]
[EventDate "2012.10.12"]
[PlyCount "59"]

1.d4 Nf6 2.c4 e6 3.Nc3 Bb4 4.e3 O-O 5.Ne2 Re8 6.a3 Bf8 7.d5 d6 8.g3 Nbd7 
9.dxe6 Rxe6 10.Bg2 Ne5 11.b3 Re8 12.O-O g6 13.h3 Bg7 14.Ra2 a5 15.Rd2 Nfd7
16.f4 Nc6 17.e4 Nc5 18.e5 a4 19.Nxa4 Nxa4 20.bxa4 Qe7 21.exd6 cxd6 22.Rf3 
Na5 23.Qc2 Bf5 24.Qa2 Rac8 25.Nd4 Rxc4 26.Nxf5 Rxc1+ 27.Kh2 gxf5 28.Qd5 
Nc4 29.Rdd3 Rc2 30.Qb5 0-1

[Event "21st Panam-ch"]
[Site "Mar del Plata ARG"]
[Date "2012.10.13"]
[Round "2.22"]
[White "Gascon Del Nogal, Jose Rafael"]
[Black "Barbosa, Evandro Amorim"]
[Result "1-0"]
[WhiteElo "2206"]
[BlackElo "2427"]
[EventDate "2012.10.12"]
[PlyCount "147"]

1.e4 c5 2.Nf3 e6 3.d4 cxd4 4.Nxd4 Nf6 5.Nc3 d6 6.g4 h6 7.h4 e5 8.Bb5+ Bd7 
9.Bxd7+ Qxd7 10.Nf5 Nc6 11.f3 O-O-O 12.Be3 g6 13.Ng3 Bg7 14.h5 Kb8 15.hxg6
fxg6 16.Nd5 Qf7 17.O-O h5 18.Kg2 hxg4 19.fxg4 Qe6 20.Nxf6 Bxf6 21.Qd5 Qe7 
22.g5 Bxg5 23.Rf7 Bxe3 24.Rxe7 Nxe7 25.Qe6 Nc8 26.Rh1 Rxh1 27.Nxh1 g5 28.
Nf2 Bxf2 29.Kxf2 Rf8+ 30.Ke3 Rf4 31.c4 g4 32.c5 Kc7 33.cxd6+ Nxd6 34.Qd5 
Rxe4+ 35.Kf2 Rf4+ 36.Kg2 e4 37.Qc5+ Kd7 38.Qxa7 Rf3 39.Qd4 Ke6 40.Qb6 Rd3 
41.a4 Ke5 42.Qc5+ Kf4 43.Qf2+ Kg5 44.Qc5+ Nf5 45.Qb5 Rd2+ 46.Kf1 g3 47.
Qxb7 e3 48.Qb8 Rd1+ 49.Ke2 g2 50.Qg8+ Kf4 51.Kxd1 Ng3 52.Qf8+ Nf5 53.Qg8 
Ng3 54.Qf7+ Nf5 55.Qg6 Ng3 56.Qd6+ Kg4 57.Qd4+ Kf3 58.Qd5+ Ne4 59.Qf5+ Kg3
60.Qg6+ Kf2 61.Qg4 g1=Q+ 62.Qxg1+ Kxg1 63.Ke2 Nd6 64.a5 Kg2 65.a6 Nb5 66.
Kxe3 Kg3 67.b4 Kg4 68.Kd3 Kf5 69.Kc4 Nc7 70.b5 Ke6 71.a7 Na8 72.Kc5 Kd7 
73.b6 Kc8 74.Kc6 1-0

[Event "21st Panam-ch"]
[Site "Mar del Plata ARG"]
[Date "2012.10.13"]
[Round "2.23"]
[White "Soppe, Guillermo"]
[Black "Bouwman, Marcelo Wanderley"]
[Result "1-0"]
[WhiteElo "2417"]
[BlackElo "2233"]
[EventDate "2012.10.12"]
[PlyCount "65"]

1.Nf3 e6 2.d4 f5 3.g3 Nf6 4.Bg2 d5 5.O-O Bd6 6.c4 c6 7.Qc2 O-O 8.Ne5 Nbd7 
9.Nd3 Qe7 10.Bf4 Bxf4 11.Nxf4 b6 12.cxd5 Nxd5 13.Bxd5 cxd5 14.Qc6 Rb8 15.
Qxe6+ Qxe6 16.Nxe6 Re8 17.Nf4 g5 18.Nxd5 Rxe2 19.Nbc3 Rxb2 20.Rfe1 Bb7 21.
Re7 Nf8 22.Rae1 Rc2 23.Nf6+ Kh8 24.Nb5 Rc6 25.Rf7 a6 26.Nc7 Rxf6 27.Rxf6 
Be4 28.f3 Bxf3 29.Rxf5 g4 30.Re8 Rxe8 31.Nxe8 Kg8 32.Rf6 Nd7 33.Rd6 1-0

[Event "21st Panam-ch"]
[Site "Mar del Plata ARG"]
[Date "2012.10.13"]
[Round "2.24"]
[White "Miranda Junior, Roberto Calheiros"]
[Black "Cori Tello, Deysi"]
[Result "0-1"]
[WhiteElo "2200"]
[BlackElo "2411"]
[EventDate "2012.10.12"]
[PlyCount "46"]

1.e4 e6 2.d4 d5 3.Nc3 Nf6 4.Bg5 Bb4 5.e5 h6 6.Bd2 Bxc3 7.bxc3 Ne4 8.Bd3 
Nxd2 9.Qxd2 b6 10.Nf3 Ba6 11.Bxa6 Nxa6 12.a4 O-O 13.O-O c5 14.Rfe1 Rc8 15.
Qd3 Nb8 16.a5 bxa5 17.dxc5 Nd7 18.Nd4 Nxc5 19.Qb5 a4 20.Re3 Qc7 21.Qe2 Ne4
22.Nb5 Qb6 23.Rxa4 a6 {Tiempo} 0-1

[Event "21st Panam-ch"]
[Site "Mar del Plata ARG"]
[Date "2012.10.13"]
[Round "2.27"]
[White "Molina, Roberto Junio Brito"]
[Black "Arias, Juan Carlos"]
[Result "1-0"]
[WhiteElo "2400"]
[BlackElo "2215"]
[EventDate "2012.10.12"]
[PlyCount "73"]

1.d4 d5 2.c4 e6 3.Nc3 f5 4.Nf3 Nf6 5.g3 c6 6.Bg2 Bd6 7.O-O O-O 8.b3 Ne4 9.
Bb2 b6 10.e3 Bb7 11.Qe2 Nd7 12.Rac1 Qe7 13.Rfd1 Rfc8 14.Nd2 Nxc3 15.Bxc3 
a5 16.f3 c5 17.a4 Rc7 18.Bb2 Rac8 19.Re1 Re8 20.Qd3 Qf7 21.Ba3 e5 22.cxd5 
exd4 23.exd4 Rxe1+ 24.Rxe1 Bxd5 25.Bf1 Rc8 26.Nc4 Bf8 27.Qd1 cxd4 28.Bxf8 
Qxf8 29.Qxd4 Qc5 30.Qxc5 Rxc5 31.Re7 Nf6 32.Kf2 Bf7 33.Rb7 g5 34.Rxb6 Kg7 
35.Rb7 Kf8 36.Ra7 g4 37.Rxa5 1-0

[Event "21st Panam-ch"]
[Site "Mar del Plata ARG"]
[Date "2012.10.13"]
[Round "2.28"]
[White "Souza Neves, Andrey"]
[Black "Zuluaga Mancilla, Cesar"]
[Result "0-1"]
[WhiteElo "2147"]
[BlackElo "2394"]
[EventDate "2012.10.12"]
[PlyCount "54"]

1.e4 c5 2.Nf3 a6 3.c3 Nf6 4.e5 Nd5 5.g3 e6 6.Bg2 Nc6 7.O-O d6 8.d4 cxd4 9.
cxd4 b5 10.exd6 Bxd6 11.Nc3 Nce7 12.Ne4 Bb7 13.Bd2 Rc8 14.Ba5 Bc7 15.Bxc7 
Nxc7 16.Nc5 Bd5 17.Re1 O-O 18.Qd3 Nc6 19.Red1 a5 20.Ne5 Bxg2 21.Kxg2 Qd5+ 
22.Qe4 Nxe5 23.dxe5 Qxc5 24.Rac1 Qa7 25.Qc6 Qa8 26.Qxa8 Nxa8 27.Rxc8 Rxc8 
0-1

[Event "21st Panam-ch"]
[Site "Mar del Plata ARG"]
[Date "2012.10.13"]
[Round "2.29"]
[White "Pineiro, Dario"]
[Black "Krysa, Leandro"]
[Result "1/2-1/2"]
[WhiteElo "2141"]
[BlackElo "2381"]
[EventDate "2012.10.12"]
[PlyCount "46"]

1.c4 Nf6 2.g3 g6 3.Bg2 d5 4.Nf3 Bg7 5.O-O c6 6.d3 O-O 7.Na3 a5 8.Rb1 a4 9.
b4 axb3 10.axb3 Bg4 11.Bb2 Nbd7 12.Nc2 Qb8 13.Ra1 Re8 14.Ne5 Nxe5 15.Rxa8 
Qxa8 16.Bxe5 dxc4 17.bxc4 Qa5 18.d4 Qc3 19.Ne3 Bh6 20.Nxg4 Nxg4 21.Qd3 
Qxd3 22.exd3 Rd8 23.Rb1 Nxe5 1/2-1/2

[Event "21st Panam-ch"]
[Site "Mar del Plata ARG"]
[Date "2012.10.13"]
[Round "2.30"]
[White "Fusco, Leonardo"]
[Black "Caceres Vasquez, Sergio"]
[Result "1-0"]
[WhiteElo "2379"]
[BlackElo "2213"]
[EventDate "2012.10.12"]
[PlyCount "114"]

1.e4 c5 2.Nf3 d6 3.d4 cxd4 4.Nxd4 Nf6 5.Nc3 a6 6.Bg5 Nbd7 7.f4 Qc7 8.Qf3 
b5 9.O-O-O Bb7 10.Bd3 Rc8 11.Rhe1 e6 12.Qh3 Be7 13.Nd5 Nxd5 14.exd5 Bxd5 
15.Nxe6 Bxe6 16.Bxe7 Bxh3 17.Bxd6+ Be6 18.Bxc7 Rxc7 19.f5 Nc5 20.fxe6 Nxe6
21.a4 bxa4 22.Bxa6 O-O 23.Bb5 Nc5 24.c4 f6 25.Kc2 Rb8 26.Rd5 Kf7 27.Kc3 g6
28.g4 Rbc8 29.Kb4 Kf8 30.Rf1 Ke7 31.Re1+ Kf7 32.h3 Kf8 33.Re3 Kf7 34.Rd4 
Rb8 35.Rd6 Kg7 36.Rf3 Rf8 37.Rc6 Rxc6 38.Bxc6 Ne6 39.Bd5 Rb8+ 40.Kc3 Ng5 
41.Rd3 f5 42.gxf5 gxf5 43.Bc6 Kf6 44.b4 Ne4+ 45.Bxe4 fxe4 46.Rd1 Ke5 47.b5
Rg8 48.c5 e3 49.Kc4 Rg2 50.b6 Rc2+ 51.Kb5 e2 52.Rd8 e1=Q 53.Re8+ Kd5 54.
Rxe1 Rb2+ 55.Ka6 Kxc5 56.Rc1+ Kd6 57.b7 Ra2 1-0

[Event "21st Panam-ch"]
[Site "Mar del Plata ARG"]
[Date "2012.10.13"]
[Round "2.31"]
[White "Borja Avila, Raul"]
[Black "Lujan, Carolina"]
[Result "0-1"]
[WhiteElo "2140"]
[BlackElo "2379"]
[EventDate "2012.10.12"]
[PlyCount "80"]

1.Nc3 c5 2.e4 a6 3.g3 b5 4.Bg2 Bb7 5.Nh3 e6 6.Nf4 b4 7.Nce2 Nf6 8.d3 Qc7 
9.b3 d5 10.exd5 e5 11.Nh3 Bxd5 12.f3 Qb7 13.Ng5 h6 14.Ne4 Be7 15.Bb2 Nbd7 
16.Qd2 Nh7 17.Qe3 O-O 18.h4 f5 19.Nd2 Rae8 20.O-O-O a5 21.Rhg1 a4 22.Kb1 
axb3 23.cxb3 Bf6 24.Nc4 Qa6 25.Qf2 Ra8 26.Nc1 Qc6 27.Ne3 Be6 28.f4 e4 29.
dxe4 fxe4 30.Qc2 Bxb2 31.Bxe4 Bxc1 32.Rxc1 Qa6 33.Bxh7+ Kh8 34.Bd3 Qa7 35.
Rge1 Nf6 36.Qe2 Rfd8 37.f5 Bd5 38.Rf1 Re8 39.Rf4 Bf7 40.g4 c4 {Ilegible} 
0-1

[Event "21st Panam-ch"]
[Site "Mar del Plata ARG"]
[Date "2012.10.13"]
[Round "2.32"]
[White "Julia, Ernesto"]
[Black "Paniagua Chnelik, Sebastian"]
[Result "1-0"]
[WhiteElo "2370"]
[BlackElo "2204"]
[EventDate "2012.10.12"]
[PlyCount "81"]

1.Nf3 Nf6 2.g3 d5 3.Bg2 c6 4.b3 Bg4 5.Ba3 Nbd7 6.O-O Bxf3 7.Bxf3 e5 8.Bb2 
e4 9.Bg2 Bc5 10.e3 Qe7 11.a3 Qe6 12.d3 h5 13.Nd2 h4 14.Qe2 hxg3 15.hxg3 
O-O-O 16.dxe4 Nxe4 17.Nxe4 dxe4 18.Bxg7 Rh7 19.Bb2 f5 20.Rfd1 Ne5 21.Rxd8+
Kxd8 22.Rd1+ Rd7 23.Rxd7+ Kxd7 24.Bxe5 Qxe5 25.b4 Be7 26.Bh3 Qa1+ 27.Kg2 
Qxa3 28.b5 Qc5 29.bxc6+ bxc6 30.Qh5 Ke6 31.Qg6+ Bf6 32.Qe8+ Be7 33.Qg6+ 
Bf6 34.Qg8+ Ke5 35.Qc8 Kd6 36.Bxf5 Qd5 37.Qb8+ Ke7 38.Qxa7+ Kf8 39.Qh7 Qe5
40.Bxe4 c5 41.c4 1-0

[Event "21st Panam-ch"]
[Site "Mar del Plata ARG"]
[Date "2012.10.13"]
[Round "2.33"]
[White "Fernandez, Maria Florencia"]
[Black "Santiago, Yago de Moura"]
[Result "1/2-1/2"]
[WhiteElo "2138"]
[BlackElo "2364"]
[EventDate "2012.10.12"]
[PlyCount "70"]

1.d4 d5 2.c4 e6 3.Nc3 Nf6 4.Nf3 c6 5.Qc2 Nbd7 6.e3 Bd6 7.g4 h6 8.Rg1 b5 9.
cxb5 c5 10.h4 Bb7 11.g5 hxg5 12.hxg5 Ne4 13.Bd3 cxd4 14.Nxe4 dxe4 15.Bxe4 
d3 16.Qc4 Bxe4 17.Qxe4 Nc5 18.Qc6+ Kf8 19.Nd4 Rc8 20.Qf3 e5 21.g6 Qd7 22.
Nc6 e4 23.Rh1 Rxh1+ 24.Qxh1 fxg6 25.b4 Qg4 26.f3 Bg3+ 27.Kd2 exf3 28.bxc5 
f2 29.Kxd3 Qf5+ 30.Ke2 Qg4+ 31.Kd3 Qf5+ 32.Ke2 Rxc6 33.bxc6 Qg4+ 34.Kd3 
Qf5+ 35.Ke2 Qg4+ 1/2-1/2

[Event "21st Panam-ch"]
[Site "Mar del Plata ARG"]
[Date "2012.10.13"]
[Round "2.34"]
[White "Kanefsck, Gustavo"]
[Black "Andrade, Roberto Luiz Costa"]
[Result "1-0"]
[WhiteElo "2358"]
[BlackElo "2187"]
[EventDate "2012.10.12"]
[PlyCount "72"]

1.d4 d5 2.Nf3 Nf6 3.c4 c6 4.Qc2 g6 5.e3 Bf5 6.Bd3 Bg7 7.Nc3 O-O 8.O-O Nbd7
9.e4 dxe4 10.Nxe4 Nxe4 11.Bxe4 Bxe4 12.Qxe4 Nf6 13.Qh4 Qa5 14.Re1 Rfe8 15.
Bg5 Qb4 16.b3 Qc3 17.Rad1 a5 18.Re3 Qc2 19.Rd2 Qf5 20.Re5 Qd7 21.Rde2 a4 
22.h3 axb3 23.axb3 h5 24.R5e3 Rad8 25.Bf4 Ra8 26.Bg3 Ra1+ 27.Kh2 Rd1 28.
Qg5 Bf8 29.Be5 Nh7 30.Qg3 Ra8 31.Re1 Raa1 32.Rxd1 Rxd1 33.Nh4 Bh6 34.Nxg6 
Bxe3 35.Nf4+ Kf8 36.fxe3 f6 1-0

[Event "21st Panam-ch"]
[Site "Mar del Plata ARG"]
[Date "2012.10.13"]
[Round "2.35"]
[White "Toth, Christian Endre"]
[Black "Toniutti, Ezio"]
[Result "1/2-1/2"]
[WhiteElo "2357"]
[BlackElo "2162"]
[EventDate "2012.10.12"]
[PlyCount "56"]

1.d4 d5 2.c4 c6 3.Nc3 Nf6 4.cxd5 cxd5 5.Bf4 Nc6 6.e3 a6 7.Bd3 g6 8.h3 Bg7 
9.Nf3 O-O 10.O-O b5 11.Rc1 Bb7 12.Ne5 Nd7 13.Nxc6 Bxc6 14.Na4 e5 15.dxe5 
Rc8 16.Nc5 Nxe5 17.Be2 d4 18.Bxe5 Bxe5 19.e4 Qh4 20.Nd3 Bb8 21.Bg4 Rc7 22.
Nc5 Ba8 23.Nxa6 Rxc1 24.Qxc1 h5 25.Bf3 Bxe4 26.Bxe4 Qxe4 27.Re1 Qd5 28.
Nxb8 Rxb8 1/2-1/2